Secret Story 11 - Associer les candidats à leurs secrets - Statistiques

Statistiques générales
  • Ce quiz a été pris 89 fois
  • Le résultat moyen est 10 sur 17
Statistiques - réponses
Hint Réponse % Correct
Nous sommes mariés (fille) Kamila
87%
Nous sommes mariés (garçon) Noré
85%
J'ai été garde du corps pour le Président de la République
Makao
84%
Nous sommes en couple (garçon) Benoît
81%
Ma meilleure amie s'est sacrifiée pour me laisser entrer dans la Maison des secrets Laura
73%
Je suis multimillionnaire Bryan
69%
J'ai protégé les plus grandes stars hollywoodiennes Charles
61%
Nous sommes en couple (fille) Charlène
60%
J'ai sauvé une famille de la noyade Jordan
58%
Je pose pour les plus grands magazines de mode à travers le monde Tanya
58%
J'ai participé 2 fois aux Jeux Olympiques Benjamin
54%
J'ai été élevé parmi les animaux sauvages Julie
54%
Je suis une star de la télévision à l’étranger Alain
51%
J'ai lié mon destin à Bryan Barbara
49%
Je suis l'espionne des internautes Lydia
42%
Ma vie a failli basculer pendant une fête foraine Shirley
42%
J'ai échappé à une catastrophe naturelle Cassandre
37%
Aucun quiz correspondant
Distribution des résultats
% des personnes avec chaque résultat
Percentile par nombre de réponses
Votre historique - résultats
Vous n’avez pas pris ce quiz